00377nam a22001097a 4500008004100000040005500041080001800096245004700114260007100161300001600232650001900248230502b |||||||| |||| 00| 0 eng d aNational Science LibrarycNational Science Library a54(081.1)bM8 aCollected works of Shanti Swarup Bhatnagar aNew Delhi: bCouncil of Scientific and Industrial Research, c1988 axvii, 887p. aCollected work